|
|
|
|
| LEADER |
00883nam a22002654a 4500 |
| 001 |
29092 |
| 003 |
BD-DhAAL |
| 005 |
20150407110802.0 |
| 008 |
150407s2008 mauab 001 0 eng |
| 010 |
|
|
|a 2006051688
|
| 020 |
|
|
|a 9780072956207
|
| 020 |
|
|
|a 0072956208
|
| 040 |
|
|
|a DLC
|c DLC
|d BD-DhAAL
|
| 050 |
0 |
0 |
|a QH308.2
|b .B564445 2008
|
| 082 |
0 |
0 |
|a 570
|2 22
|
| 245 |
0 |
0 |
|a Biology /
|c Robert J. Brooker ... [et al.].
|
| 260 |
|
|
|a Boston :
|b McGraw-Hill Higher Education,
|c c2008.
|
| 300 |
|
|
|a xxxii, 1392 p. :
|b ill. (chiefly col.), maps ;
|c 28 cm.
|
| 500 |
|
|
|a Includes index.
|
| 541 |
|
|
|e 29092
|
| 650 |
|
0 |
|a Biology
|v Textbooks.
|9 10283
|
| 700 |
1 |
|
|a Brooker, Robert J.
|9 10284
|
| 942 |
|
|
|2 ddc
|c BK
|
| 999 |
|
|
|c 34200
|d 34200
|
| 952 |
|
|
|0 0
|1 0
|2 ddc
|4 0
|6 570_000000000000000_BIO
|7 0
|9 53378
|a BRACUL
|b BRACUL
|c GEN
|d 2015-04-07
|l 4
|m 9
|o 570 BIO
|p 3010029092
|r 2023-03-29
|s 2023-03-22
|t 1
|w 2015-04-07
|y BK
|